ბათუმის შოთა რუსთაველის სახელმწიფო უნივერსიტეტის ბიბლიოთეკა

საერთაშორისო საავტორო სამართალი : (ბიბ.ჩანაწერი № 55580)

000 -ლიდერი
ფიქსირებული სიგრძის საკონტროლო ველი 01501nam a2200277Ia 4500
001 - საკონტროლო ნომერი
საკონტროლო ველი 22662
003 - საკონტროლო ნომრის იდენტიფიკატორი
საკონტროლო ველი GE_BSU
005 - ბოლო ოპერაციის თარიღი და დრო
საკონტროლო ველი 20230216102243.0
008 - ფიქსირებული სიგრძის მონაცემთა ელემენტები - ზოგადი ინფორმაცია
ფიქსირებული სიგრძის საკონტროლო ველი 181216s2016||||ge |||||||||||||| ||geo||
010 ## - კონგრესის ბიბლიოთეკის საკონტროლო ნომერი
LC საკონტროლო ნომერი 99789941 (ორივე წიგნის) 9789941090387 (წ. 2)
020 ## - წიგნის საერთაშორისო სტანდარტული ნომერი
International Standard Book Number 9789941090387
040 ## - კატალოგიზაციის წყარო
Transcribing agency GE_BSU
041 ## - ენის კოდი
Language code of text/sound track or separate title geo
080 ## - უნივერსალური ათობითი კლასიფიკაციის ინდექსი
Universal Decimal Classification number 341 გ-13
100 ## - მთავარი ჩანაწერი - პიროვნების სახელი
Personal name გაბუნია, დავით.
9 (RLIN) 16928
245 ## - ცნობა სათაურის შესახებ
Title საერთაშორისო საავტორო სამართალი :
Remainder of title წ. 2, ისმო-ს ხელშეკრულება საავტორო უფლებების შესახებ ; ისმო-ს ხელშეკრულება შესრულებისა და ფონოგრამების შესახებ : ანალიზი და კომენტარები /
Statement of responsibility, etc დავით გაბუნია.
264 ## - წარმოების, გამოცემის, დისტრიბუციის და სხვა ცნობები
გამოცემის, წარმოების, დისტრიბუციის... ადგილი თბილისი :
გამოცემის, წარმოების, დისტრიბუციის... სახელწოდება საქპატენტი,
გამოცემის, წარმოების, დისტრიბუციის... თარიღი 2016.
300 ## - ფიზიკური აღწერა
Extent 208 გვ.;
Other physical details 23 სმ.
501 ## - შენიშვნა თანმხლებ მასალაზე
With note დანართი ინგლისურ ენაზე.
504 ## - BIBLIOGRAPHY, ETC. NOTE
Bibliography, etc ბიბლიოგრ.:გვ.207
653 ## - INDEX TERM--UNCONTROLLED
Uncontrolled term საავტორო სამართალი.
653 ## - INDEX TERM--UNCONTROLLED
Uncontrolled term ისმო-ს ხელშეკრულება
653 ## - INDEX TERM--UNCONTROLLED
Uncontrolled term ისმო-ს ხელშეკრულება ფონოგრამების შესახებ
942 ## - ADDED ENTRY ELEMENTS (KOHA)
Koha item type წიგნი
Source of classification or shelving scheme
ეგზემპლარები
ჩამოწერის სტატუსი დაკარგული ეგზემპლარის სტატუსი კლასიფიკაციის წყარო ან თაროზე გაწყობის სქემა დაზიანების სტატუსი არ გაიცემა მუდმივი მდებარეობა (დაცვის ადგილი) ამჟამინდელი ადგილსამყოფელი თაროზე განთავსების ადგილი შეძენის თარიღი ღირებულება, შესყიდვის ნორმალური ფასი სრული შენახვის შიფრი შტრიხკოდი ბოლო ოპერაციის თარიღი ეგზემპლარის მიმდევრობითი ნომერი (კეტერი?) ფასის ძალაში შესვლის თარიღი ეგზემპლარის სახეობა საჯარო შენიშვნა
          ბათუმის შოთა რუსთაველის სახელმწიფო უნივერსიტეტის მთავარი ბიბლიოთეკა ბათუმის შოთა რუსთაველის სახელმწიფო უნივერსიტეტის მთავარი ბიბლიოთეკა წიგნსაცავი 2018-12-17 20.00 341 გ-13 58076 2018-12-17 58076 2018-12-17 წიგნი 20 ლ.
          ბათუმის შოთა რუსთაველის სახელმწიფო უნივერსიტეტის მთავარი ბიბლიოთეკა ბათუმის შოთა რუსთაველის სახელმწიფო უნივერსიტეტის მთავარი ბიბლიოთეკა წიგნსაცავი 2018-12-17 20.00 341 გ-13 58077 2018-12-17 58077 2018-12-17 წიგნი 20 ლ.